000 00477cam a2200145 4500500
005 20251012011712.0
041 _afre
042 _adc
100 1 0 _aVarela, Francisco
_eauthor
245 0 0 _aSe défendre. Une philosophie de la violence
260 _c2017.
500 _a51
786 0 _nPhilosophie magazine | 114 | 11 | 2017-11-01 | p. 55-55 | 1951-1787
856 4 1 _uhttps://shs.cairn.info/magazine-philosophie-magazine-2017-11-page-55?lang=fr&redirect-ssocas=7080
999 _c1524074
_d1524074